000 00468nam a22001577a 4500
005 20240719141704.0
008 240719b |||||||| |||| 00| 0 eng d
041 _aEnglish/Afrikaans
082 _a349 SOU
100 _lEnglish/Afrikaans
245 _aSouth African Law Reports
260 _aCape Town:
_bJuta and Company Ltd,
_c1995
300 _bxcviii, 878 pages;
_c26 cm.
650 _aLegal practice
_bLaw
942 _cBK
_6ALISON_BN_VRIES
999 _c2209
_d2209